| 000 | 00000nam 2200000zi 4500 |
| 001 | 9.945602 |
| 003 | CaOODSP |
| 005 | 20241126151543 |
| 006 | m o d f |
| 007 | cr |n||||||||| |
| 008 | 241126s1907 onc o f000 0 eng d |
| 040 | |aCaOODSP|beng|erda|cCaOODSP |
| 043 | |an-cn--- |
| 110 | 1 |aCanada.|bRoyal Commission on Life Insurance, |eauthor, |eissuing body. |
| 245 | 10|aReport of the Royal commission on insurance : |bminutes of evidence. |
| 264 | 1|aOttawa : |bKing's Printer, |c1907. |
| 300 | |a1 online resource (4 volumes) |
| 336 | |atext|btxt|2rdacontent |
| 337 | |acomputer|bc|2rdamedia |
| 338 | |aonline resource|bcr|2rdacarrier |
| 490 | 0 |a[Canada. Parliament, 1906] Sessional paper ; |v66 |
| 500 | |aDigitized edition from print [produced by Government of Canada Publications Directorate]. |
| 500 | |aPaged continuously. |
| 500 | |aCommissioners appointed to inquire into life insurance, and life insurance companies and systems in Canada: Duncan B. MacTavish (chairman), John W. Langmuir, and Ambrose L. Kent. |
| 500 | |aImperfect copy, lacking volumes 1 and 4. |
| 650 | 0|aLife insurance|zCanada. |
| 650 | 6|aAssurance-vie|zCanada. |
| 710 | 1 |aCanada. |bPrivy Council Office, |eissuing body. |
| 856 | 40|qPDF|s938391 KB|uhttps://publications.gc.ca/collections/collection_2024/bcp-pco/Z1-1906-3-2-eng.pdf|zVolume 2 |
| 856 | 40|qPDF|s857224 KB|uhttps://publications.gc.ca/collections/collection_2024/bcp-pco/Z1-1906-3-3-eng.pdf|zVolume 3 |